000 00294nam a22001337a 4500
008 170720b xxu||||| |||| 00| 0 eng d
020 _a9780664253486
041 _aeng
080 _a2
100 _a24
101 _aTEO
245 _aAN INTRODUCTION TO JUDAISM
_cNEUSNER, J
942 _2udc
_cBK
999 _c21660
_d21660